000 00814nam a22002297a 4500
005 20260205110447.0
008 260205b |||||||| |||| 00| 0 eng d
050 _aTHE BX6.5
_b.I29 2025
100 _aIbyimana, Athanase
245 _aPerceptions of ecumenical efforts in resolving church divisions: the case of Karongi district, Rwanda /
260 _aLimuru, Kenya:
_bSt. Paul's University,
_c2025.
300 _axi, p. 87;
_c30cm.
521 _aIncludes bibliographical references
650 _aEcumenical movement
650 _aChurch unity
650 _aInterchurch relations
_zRwanda
650 _aChristianity and culture
_zRwanda
700 _aGithuku, Sammy
_eDr.
700 _aKithinji, Julius K.
_eDr.
856 _uhttps://repository.spu.ac.ke/xmlui/handle/123456789/6668
942 _2lcc
_cTHES
999 _c60141
_d60141